Základní MARC

Záznam Personal Name

Počet záznamů používajících tuto autoritu: 1

001 - CONTROL NUMBER

  • control field: 20650

003 - CONTROL NUMBER IDENTIFIER

  • control field: ABG508

005 - DATE AND TIME OF LATEST TRANSACTION

  • control field: 20260416092631.0

008 - FIXED-LENGTH DATA ELEMENTS

  • fixed length control field: 260416|| aca||aabn | a|a d

040 ## - CATALOGING SOURCE

  • Original cataloging agency: ABG508
  • Transcribing agency: ABG508

100 ## - HEADING--PERSONAL NAME

  • Personal name: Jurionová, Alena

670 ## - SOURCE DATA FOUND

  • Source citation: Work cat.: (ABG508)34175: Renner, Benjamin, 1983- aut ill 20649, Velký zlý lišák /

Používáme knihovní systém Koha